000 00247nam a22001097a 4500
008 170125b xxu||||| |||| 00| 0 eng d
020 _a9780073039862
041 _aeng
080 _23RD
_a61
245 _aMEDICAL ETHICS
_cPENCE, G.E
942 _2udc
_cBK
999 _c3674
_d3674